|
|
|
|
| LEADER |
00000nam a2200000 a 4500 |
| 001 |
vtls001329510 |
| 003 |
SK-MaSNL |
| 005 |
20260301005653.0 |
| 008 |
240313s1989 xr 0 cze |
| 020 |
|
|
|a 8021000511
|
| 035 |
|
|
|a SNK000282359
|
| 040 |
|
|
|a SNK
|b slo
|c SNK
|e AACR2
|
| 041 |
0 |
|
|a cze
|
| 044 |
|
|
|a CZ
|
| 080 |
|
|
|a 885.0-93(091)(075.8)
|2 1981
|
| 100 |
1 |
|
|a Zapletal, Zdeněk
|4 aut
|9 280500
|
| 245 |
1 |
|
|a Přehledné dějiny literatury pro mládež a četby mládeže za obrození
|b pro posl. ped. fak.
|c Zdeněk Zapletal
|
| 260 |
|
|
|a Brno
|b Univ. J. E.Purkyně
|c 1989
|
| 300 |
|
|
|a 95 s.
|c 4°
|
| 650 |
0 |
7 |
|a literatúra česká pre mládež
|x dejiny
|x učebnice vysokoškolské
|2 SNK
|9 290329
|
| 919 |
|
|
|a 80-210-00-51-1
|
| 958 |
|
|
|a RK
|
| 958 |
|
|
|a OND
|
| 999 |
|
|
|c 545882
|d 547812
|
| 952 |
|
|
|t P60, <04>, [BOOK], {604}
|a SNK
|b SNK
|y VYP
|7 0
|o snkIB 63592
|i snkKIP 1573/90
|0 0
|1 0
|4 0
|d 1998-04-29
|l 0
|r 2005-01-02 00:00:00
|w 2026-02-23
|
| 952 |
|
|
|t P60, <04>, [BOOK], {604}
|a SNK
|b SNK
|y VYP
|7 0
|o snkIB 63592 D1
|i snkKIP 1574/90
|0 0
|1 0
|4 0
|d 1998-04-29
|l 0
|r 2005-01-02 00:00:00
|w 2026-02-23
|